| 000 | 00609nam a22002057a 4500 | ||
|---|---|---|---|
| 999 |
_c9803 _d9803 |
||
| 003 | AR-CdUCM | ||
| 008 | 190328b ||||| |||| 00| 0 spa d | ||
| 040 |
_aMUNICIPALIDAD PROVINCIAL DEL CUSCO _cBIBLIOTECA MUNICIPAL DEL CUSCO |
||
| 082 |
_aC / 985.61 / _bE31 |
||
| 100 |
_aEguiguren, Luis Antonio _925821 |
||
| 245 | _aLa revolución de 1814 / | ||
| 260 |
_aLima : _bLa opinión nacional, _c1914. |
||
| 300 |
_a152 páginas ; _c23 cm. |
||
| 650 |
_a1814. _93834 |
||
| 650 |
_aRevolución. _9844 |
||
| 650 |
_aIndependencia. _9625 |
||
| 650 |
_aHermanos Angulo. _93833 |
||
| 942 |
_2ddc _cLIBROS |
||
| 945 | _awfj | ||